Statystyki dla Słowenia - Podział administracyjny Słowenii (Gminy Słowenii) - Mapa

Kliknij tutaj aby rozwiązać quiz!

Ogólne statystyki

  • Ten quiz został rozwiązany 443 razy
  • Średni wynik to 19 z 212

Odpowiedzi na mapie

Odpowiedzi skodowane kolorowo w zielono-czerwonej skali na mapie do tego quizu, zgodnie z poniższymi procentami.
 

Statystyki odpowiedzi

Gmina% Poprawnych
Lublana
84%
Maribor
77%
Koper
52%
Celje
39%
Kranj
32%
Novo Mesto
26%
Ptuj
23%
Domžale
19%
Kranjska Gora
19%
Murska Sobota
19%
Piran
19%
Sveta Ana
19%
Sežana
16%
Velenje
16%
Žužemberk
16%
Ajdovščina
13%
Benedikt
13%
Bled
13%
Ig
13%
Kočevje
13%
Loški Potok
13%
Nova Gorica
13%
Ruše
13%
Slovenj Gradec
13%
Straža
13%
Sveta Trojica v Slovenskih goricah
13%
Sveti Andraž v Slovenskih goricah
13%
Sveti Jurij v Slovenskih goricah
13%
Tabor
13%
Zavrč
13%
Žetale
13%
Ankaran
10%
Apače
10%
Beltinci
10%
Bistrica ob Sotli
10%
Bloke
10%
Brda
10%
Cerkvenjak
10%
Cirkulane
10%
Črnomelj
10%
Duplek
10%
Hodoš
10%
Ivančna Gorica
10%
Izola
10%
Kamnik
10%
Komen
10%
Komenda
10%
Kostel
10%
Krško
10%
Lenart
10%
Lendava
10%
Loška dolina
10%
Makole
10%
Metlika
10%
Mirna
10%
Mirna Peč
10%
Odranci
10%
Osilnica
10%
Podlehnik
10%
Semič
10%
Šentjernej
10%
Škocjan
10%
Starše
10%
Štore
10%
Sveti Tomaž
10%
Trnovska Vas
10%
Velika Polana
10%
Velike Lašče
10%
Železniki
10%
Žiri
10%
Žirovnica
10%
Bohinj
6%
Borovnica
6%
Bovec
6%
Braslovče
6%
Brežice
6%
Brezovica
6%
Cankova
6%
Cerklje na Gorenjskem
6%
Cerknica
6%
Cerkno
6%
Črenšovci
6%
Črna na Koroškem
6%
Destrnik
6%
Divača
6%
Dobje
6%
Dobrepolje
6%
Dobrna
6%
Dobrova-Polhov Gradec
6%
Dobrovnik
6%
Dolenjske Toplice
6%
Dol pri Ljubljani
6%
Dornava
6%
Dravograd
6%
Gorenja vas-Poljane
6%
Gorišnica
6%
Gorje
6%
Grosuplje
6%
Hajdina
6%
Horjul
6%
Hrastnik
6%
Hrpelje-Kozina
6%
Idrija
6%
Ilirska Bistrica
6%
Jesenice
6%
Jezersko
6%
Juršinci
6%
Kanal ob Soči
6%
Kidričevo
6%
Kobarid
6%
Kobilje
6%
Kostanjevica na Krki
6%
Kozje
6%
Kuzma
6%
Laško
6%
Litija
6%
Ljubno
6%
Logatec
6%
Log-Dragomer
6%
Luče
6%
Lukovica
6%
Majšperk
6%
Markovci
6%
Medvode
6%
Mežica
6%
Miklavž na Dravskem polju
6%
Miren-Kostanjevica
6%
Mislinja
6%
Mokronog-Trebelno
6%
Moravče
6%
Moravske Toplice
6%
Mozirje
6%
Muta
6%
Naklo
6%
Nazarje
6%
Oplotnica
6%
Ormož
6%
Pivka
6%
Podčetrtek
6%
Poljčane
6%
Polzela
6%
Postojna
6%
Prebold
6%
Preddvor
6%
Prevalje
6%
Puconci
6%
Radeče
6%
Radenci
6%
Radovljica
6%
Ravne na Koroškem
6%
Renče-Vogrsko
6%
Ribnica
6%
Rogašovci
6%
Rogatec
6%
Šalovci
6%
Selnica ob Dravi
6%
Šempeter-Vrtojba
6%
Šenčur
6%
Šentilj
6%
Šentjur pri Celju
6%
Šentrupert
6%
Sevnica
6%
Škofja Loka
6%
Škofljica
6%
Slovenska Bistrica
6%
Slovenske Konjice
6%
Šmarje pri Jelšah
6%
Šmarješke Toplice
6%
Šmartno ob Paki
6%
Šmartno pri Litiji
6%
Sodražica
6%
Solčava
6%
Središče ob Dravi
6%
Sveti Jurij ob Ščavnici
6%
Tolmin
6%
Trbovlje
6%
Trebnje
6%
Tržič
6%
Trzin
6%
Veržej
6%
Videm
6%
Vipava
6%
Vodice
6%
Vrhnika
6%
Vuzenica
6%
Zagorje ob Savi
6%
Žalec
6%
Zreče
6%
Grad
3%
Hoče-Slivnica
3%
Križevci
3%
Kungota
3%
Ljutomer
3%
Lovrenc na Pohorju
3%
Mengeš
3%
Pesnica
3%
Podvelka
3%
Rače-Fram
3%
Radlje ob Dravi
3%
Razkrižje
3%
Rečica ob Savinji
3%
Ribnica na Pohorju
3%
Rogaška Slatina
3%
Šoštanj
3%
Tišina
3%
Turnišče
3%
Vitanje
3%
Vojnik
3%
Vransko
3%
Gornja Radgona
0%
Gornji Grad
0%
Gornji Petrovci
0%

Rozkład punktacji

Percentyl według liczby udzielonych odpowiedzi

Procent ludzi z każdym wynikiem

Twoja historia wyników

Nie rozwiązałeś tego quizu